000 00662nam a2200289Ia 4500
005 20260324143555.0
008 008 260324s9999 xx 000 0 eng d
020 _a9780203411759
037 _aEBOOK
040 _aCRL
040 _beng
040 _cCRL
041 _2eng
041 _aeng
084 _qCRL
100 _aFrans Berkhout
_91216136
245 0 _aRadioactive Waste
245 0 _bPolitics and Technology
260 _bTaylor and Francis
260 _c1991
365 _a
365 _b89.99
856 _uhttp://www.taylorfrancis.com/books/9780203411759
942 _cEBOOK
999 _c1821697
_d1821697